ՄԱՅՐ ԱԹՈՌ ՍՈՒՐԲ ԷՋՄԻԱԾԻՆ

«ՎԱՉԵ ԵՎ ԹԱՄԱՐ ՄԱՆՈՒԿՅԱՆ» ՄԱՏԵՆԱԴԱՐԱՆ

Nous sommes nos montagnes : (Record no. 77209)

MARC details
000 -LEADER
fixed length control field 00619nam a22002057a 4500
003 - CONTROL NUMBER IDENTIFIER
control field SEM
005 - DATE AND TIME OF LATEST TRANSACTION
control field 20260330104307.0
008 - FIXED-LENGTH DATA ELEMENTS--GENERAL INFORMATION
fixed length control field 260323s fr ||||gr||||||01|||fr |d
020 ## - INTERNATIONAL STANDARD BOOK NUMBER
International Standard Book Number 9782380462371
040 ## - CATALOGING SOURCE
Original cataloging agency SEM
Transcribing agency SEM
041 ## - LANGUAGE CODE
Language code of text/sound track or separate title fr
080 ## - UNIVERSAL DECIMAL CLASSIFICATION NUMBER
Universal Decimal Classification number 947․925(K)/A-70
100 ## - MAIN ENTRY--PERSONAL NAME
Personal name Aprikian, Gorune ; Djian, Jean-Blaise
245 ## - TITLE STATEMENT
Title Nous sommes nos montagnes :
Remainder of title Une histoire du Haut-Karabagh /
Statement of responsibility, etc. G. Aprikian , Jean-Blaise Djian
260 ## - PUBLICATION, DISTRIBUTION, ETC.
Place of publication, distribution, etc. S. l. :
Name of publisher, distributor, etc. Petit à petit,
Date of publication, distribution, etc. 2025.
300 ## - PHYSICAL DESCRIPTION
Extent 127 p. ;
Other physical details ill., map. ;
Dimensions 26 cm
650 ## - SUBJECT ADDED ENTRY--TOPICAL TERM
Topical term or geographic name entry element History of Artsakh
General subdivision Graphic novel
653 ## - INDEX TERM--UNCONTROLLED
Uncontrolled term ՍԷՄ
942 ## - ADDED ENTRY ELEMENTS (KOHA)
Source of classification or shelving scheme Universal Decimal Classification
Koha item type Գրքեր/Books
Suppress in OPAC No
Holdings
Withdrawn status Lost status Source of classification or shelving scheme Damaged status Not for loan Collection code Home library Current library Date acquired Cost, normal purchase price Inventory number Total Checkouts Full call number Barcode Date last seen Price effective from Koha item type Public note
    Universal Decimal Classification     Գրապահոց Մայր Աթոռ Սուրբ Էջմիածին «Վաչե և Թամար Մանուկյան» Մատենադարան Մայր Աթոռ Սուրբ Էջմիածին «Վաչե և Թամար Մանուկյան» Մատենադարան 23/03/2026 7000.00 Fr-3443   947․925(K)/A-70 Fr-3443 23/03/2026 23/03/2026 Գրքեր/Books Սպասարկվում է ընթերցասրահ